LEADER 01028nam a2200265 u 4500 001 000000017730 003 CaOOAMICUS 005 20070226110607.0 008 941010s1979 it u000 u ita u 035 $a10413096 040 $aPUL$bita 100 1 $aRordorf, Willy.$0(OLS)http://pul/name/1531 245 10$aSabato e domenica nella Chiesa antica. /$cEd. italiana a cura di Giovanni Ramella. 260 $aTorino :$bS.E.I.,$cc1979. 300 $axxix, 256 p. ;$c23 cm 490 1 $aTraditio christiana ;$v2 504 $aBibliografia: p. xxii-xxvi. 650 4$aDomenica.$0(OLS)http://pul/subject/5874 830 0$aTraditio christiana ;$v2.$0(OLS)http://pul/title/25368 850 $aPUL 852 $aPUL$W1$xSL Religione 1$y3$m22 N 2$j24986$nBK-PRI$b $qStampati$B24986$CPULBib$Z2$F24986 $H $81 941 1 $a8 961 $aINV: 49109 996 $6245$aSabato e domenica nella Chiesa antica.$9(OLS)http://pul/title/25367 996 $6260$aTorino :$bS.E.I.$9(OLS)http://pul/publisher/50772 LEADER 01794nam a2200361 a 4500 001 000000158095 003 CaOOAMICUS 005 20170123172200.0 008 170123s2016 it u000 u ita r 020 $a978-88-10-45009-3* 032 $aLibriCat 040 $aPUL$bita 082 14$a269.2 110 2 $aFacoltą teologica dell'Emilia Romagna. $bDipartimento di storia della teologia. $bConvegno $d(2011 : Bologna).$0(OLS)http://pul/name/100942 245 10$aEducazione, paideia cristiana e immagini di Chiesa : $batti del convegno della Facoltą teologica dell'Emilia-Romagna : Bologna 29-30 novembre 2011 / $ca cura di Davide Righi . 260 $aBologna :$bEDB,$c©2016. 300 $a226 p. ;$c24 cm. 490 1 $aBiblioteca di Teologia dell'Evangelizzazione ;$v10 504 $aBibliografia in nota a pič pagina. 650 4$aCatechesi.$0(OLS)http://pul/subject/4492 650 4$aEducazione cristiana.$0(OLS)http://pul/subject/10462 650 4$aEvangelizzazione.$0(OLS)http://pul/subject/1355 700 1 $aRighi, Davide.$0(OLS)http://pul/name/100943 830 0$aBiblioteca di Teologia dell'Evangelizzazione ;$v10.$0(OLS)http://pul/title/115988 850 $aPUL 852 $aPUL$W1$xSL Religione 3$y85$m269. 2 RIGDA 1$j181422$qDDC 21$B184563$CPULBib$Z2$F184563 $H128701 $81 941 1 $a9 983 0$aBTE. 996 $6020$a978-88-10-45009-3* $9(OLS)http://pul/number/161861 996 $6082$a269.2$9(OLS)http://pul/classification/634 996 $6245$aEducazione, paideia cristiana e immagini di Chiesa : $batti del convegno della Facoltą teologica dell'Emilia-Romagna : Bologna 29-30 novembre 2011 / $9(OLS)http://pul/title/197702 996 $6260$aBologna :$bEDB$9(OLS)http://pul/publisher/56073